000
00310nam a22001337a 4500
008
171107b xxu||||| |||| 00| 0 eng d
020
_a
9780470506974
041
_a
eng
080
_2
7TH
_a
721.053
100
_a
62
101
_a
AUD
245
_a
ACCOUNTING & AUDITING RESEARH
_c
WEIRICH,TH.R
942
_2
udc
_c
BK
999
_c
38163
_d
38163